| 000 | 00506nam a2200169 a 4500 | ||
|---|---|---|---|
| 001 | 000045478 | ||
| 003 | DO-SdBNP | ||
| 005 | 20210728090702.0 | ||
| 008 | 150408s1975 dr c 000 0 spa d | ||
| 040 |
_aDO-SdBNP _bspa _cBNPHU |
||
| 041 | 1 | 7 |
_aspa _beng. |
| 245 | 1 | 0 |
_aBallet real de Dinamarca. / _cJoaquĆn Balaguer. |
| 260 |
_aSanto Domingo : _bTeatro Nacional, _c1975. |
||
| 300 |
_a[20] p. : _bretrs. ; _c29 cm. |
||
| 590 | _aPerteneció a la biblioteca personal de Carmen Herrera. | ||
| 942 |
_2ddc _cLBS1 |
||
| 999 |
_c44967 _d44967 |
||